000 01053cam a2200289 a 4500
999 _c24150
_d24150
001 1879897
005 20170128090223.0
008 831005s1985 dcu b 001 0 eng
010 _a 83049009
020 _a0918016673
040 _aDLC
_cDLC
_dDLC
_dOCoLC
043 _ae-uk---
050 0 0 _aPR2899
_b.S314 1984
100 1 _aSchoenbaum, S.
_q(Samuel),
_d1927-1996.
245 1 0 _aShakespeare and others /
_cS. Schoenbaum.
260 _aWashington :
_bFolger Shakespeare Library ;
_aLondon :
_bScolar Press,
_cc1984
300 _a285 p. :
_c24 cm.
500 _a"Folger books."
504 _aIncludes bibliographical references and index.
600 1 0 _aShakespeare, William,
_d1564-1616.
650 0 _aEnglish drama
_y17th century
_xHistory and criticism.
650 0 _aDramatists, English
_yEarly modern, 1500-1700
_xBiography.
942 _2lcc
_cBOOKS
_hPR2899 .S314 1984